| 000 | 00418nam a2200169Ia 4500 | ||
|---|---|---|---|
| 005 | 20250423101333.0 | ||
| 008 | 250422s9999 xx 000 0 und d | ||
| 020 | _a0972065407 | ||
| 050 | _aBP 130.7 .M346/ | ||
| 100 | _aNursî, Bediüzzaman Said, | ||
| 245 | 4 | _aThe miraculous Qur'an and some of its mysteries | |
| 260 | _aNew Jersey | ||
| 260 | _bThe Light | ||
| 260 | _c2006 | ||
| 300 | _a272 p | ||
| 942 | _cBK | ||
| 999 |
_c36010 _d36010 |
||